| 000 | 00656nam a2200205 a 4500 | ||
|---|---|---|---|
| 001 | 51550 | ||
| 005 | 20180714041039.0 | ||
| 008 | 140415s2006 mx 000 0 spa d | ||
| 020 | _a9706652140 | ||
| 041 | _aspa | ||
| 082 |
_a657.42 _bCAR |
||
| 100 | 1 | _aCARDENAS NAPOLES, RAUL | |
| 245 | 1 | 0 | _aCONTABILIDAD DE COSTOS 2 |
| 250 | _a5ed. | ||
| 260 |
_aMEXICO : _bINSTITUTO MEXICANO DE CONTADORES PUBLICOS, _c2006 |
||
| 300 |
_a402 _c15.9 x 1.1 x 21.9 |
||
| 490 | _aBIBLIOTECA MAIOR | ||
| 520 | _aESTE LIBRO EXPONE NUEVAS IDEAS Y FORMAS DE PRESENTACIÓN DE LOS COSTOS QUE FACILITAN SU COMPRENSIÓN. | ||
| 650 | 1 | 4 | _aCONTABILIDAD DE COSTOS |
| 999 |
_c51550 _d51550 |
||